000 00377nam a22001577a 4500
003 MPLRDC
005 20220104123710.0
008 210129b ||||| |||| 00| 0 eng d
082 _a413.6 ZHJ
100 _a朱鹤皋、陆奎生合著
245 _a妇科病根治法
_c
260 _a
_b实用书局
_c
300 _b
650 _a中医妇科
942 _cBK
_o413.6 ZHJ
999 _c13482
_d13472